Normal view
MARC view
Entry Nombre de reunión
001 - NÚMERO DE CONTROL
- campo de control: 10970
003 - IDENTIFICADOR DE NÚMERO DE CONTROL
- campo de control: OSt
005 - FECHA Y HORA DE LA ÚLTIMA TRANSACCIÓN
- campo de control: 20221005155439.0
008 - ELEMENTOS DE DATO DE LONGITUD-FIJA
- campo de control de longitud fija: 221005|| aca||aabn | a|a d
040 ## - FUENTE DE CATALOGACIÓN
- Centro catalogador/agencia de origen: OSt
- Centro/agencia transcriptor: OSt
111 ## - ENCABEZAMIENTO--NOMBRE DE CONGRESO/REUNIÓN
- Nombre de congreso/reunión o jurisdicción como elemento de entrada: CONGRESO NACIONAL DE DERECHO DEL TRABAJO Y DE LA SEGURIDAD SOCIAL
- Número del congreso/reunión o número de parte o sección: 3º
- Fecha del congreso o de la firma del tratado: (1992 :
- Sede del congreso/Lugar de la reunión: Alicante)
670 ## - FUENTE DE DATOS ENCONTRADOS
- Cita de la fuente: Work cat.: (OSt)10963: RIVERA SANCHEZ, Juan Ramón 10969, <La> alteración de la condición más beneficiosa a través del art. 41 del E.T. /, 1992